| LDR | | 02738cmm u22005057i 4500 |
| 001 | | 000000339970 |
| 003 | | EBZ |
| 005 | | 20260127110742 |
| 006 | | m d |
| 007 | | cr cnu---unuuu |
| 008 | | 240212s2024 enka eob 001 0 eng d |
| 020 | |
▼a 9781839973628
▼q (electronic bk.) |
| 020 | |
▼a 1839973625
▼q (electronic bk.) |
| 020 | |
▼z 9781839973611 |
| 020 | |
▼z 1839973617 |
| 040 | |
▼a EBZ
▼b eng
▼c EBZ
▼d 248032 |
| 049 | |
▼a MAIN |
| 050 | 4 |
▼a RC552.S66
▼b F64 2024eb |
| 060 | 14 |
▼a WM 173.5 |
| 082 | 04 |
▼a 616.85/24
▼2 22 |
| 245 | 00 |
▼a FND stories :
▼b personal and professional experiences of functional neurological disorder /
▼c edited by Gregg H. Rawlings, Markus Reuber, Jon Stone and Maxanne McCormick. |
| 246 | 3 |
▼a Functional neurological disorder stories |
| 260 | |
▼a London ;
▼a Philadelphia :
▼b Jessica Kingsley Publishers,
▼c 2024. |
| 300 | |
▼a 1 online resource (251 pages) :
▼b illustrations. |
| 336 | |
▼a text
▼b txt
▼2 rdacontent |
| 337 | |
▼a computer
▼b c
▼2 rdamedia |
| 338 | |
▼a online resource
▼b cr
▼2 rdacarrier |
| 341 | 0 |
▼a textual
▼2 sapdv
▼3 EBSCOhost |
| 504 | |
▼a Includes bibliographic references and index. |
| 520 | |
▼a "Functional Neurological Disorder (FND) is one of the most common, and most misunderstood, diagnoses among patients referred to neurology clinics. This book brings together the voices of healthcare professionals and people living with FND across the world. From testing and diagnosis to dealing with stigma and coping with changing symptoms, each story delves into the realities of life with FND, helping you to better understand the condition and tackle its challenges"--Back cover. |
| 532 | 0 |
▼3 EBSCOhost
▼a "EBSCO evaluates our products based on the Web Content Accessibility Guidelines (WCAG) and the related Section 508 and EN 301 549 regulations in the US and EU. Most EBSCO products are substantially conformant with WCAG 2.2 level AA." Source: https://connect.ebsco.com/s/article/EBSCO-VPATs?language=en_US. Last accessed April 22, 2025. |
| 588 | 0 |
▼a Print version record. |
| 590 | |
▼a Added to collection customer.56279.3 |
| 650 | 0 |
▼a Conversion disorder. |
| 650 | 0 |
▼a Conversion disorder
▼x Diagnosis. |
| 650 | 0 |
▼a Neuropsychology. |
| 650 | 0 |
▼a Astasia and astasia-abasia. |
| 650 | 2 |
▼a Conversion Disorder
▼0 (DNLM)D003291 |
| 700 | 1 |
▼a Rawlings, Gregg,
▼e editor. |
| 700 | 1 |
▼a Reuber, Markus,
▼e editor. |
| 700 | 1 |
▼a Stone, Jon,
▼c (Neurologist),
▼e editor. |
| 700 | 1 |
▼a McCormick, Maxanne,
▼e editor. |
| 776 | 08 |
▼i Print version:
▼t FND stories.
▼d London ; Philadelphia : Jessica Kingsley Publishers, 2024
▼z 9781839973611 |
| 856 | 40 |
▼3 EBSCOhost
▼u https://search.ebscohost.com/login.aspx?direct=true&scope=site&db=nlebk&db=nlabk&AN=3628490 |
| 938 | |
▼a EBSCOhost
▼b EBSC
▼n 3628490 |
| 990 | |
▼a 관리자 |